Responses for Show #5237 - Tuesday, May 22, 2007

Contestants

[<< previous game]

James Clark, a graduate assistant from Monroeville, Pennsylvania

Cindy Ladensack, a manager of marketing intelligence from Harper Woods, Michigan

Vic Sawyer, a snowcoach driver and hotel manager from Yellowstone National Park, Wyoming and Montana (whose 1-day cash winnings total $28,001)

[next game >>]

Jeopardy! Round responses

NEW FACES IN THE 110th CONGRESS
DOCUMENTARIES
SOUNDS LIKE WEATHER
ALL ABOUT ANIMALS
A PIECE OF CAKE
EASY AS "A-B-C"
(Alex: Each correct response will contain those three letters in the proper order.)
    $200 4
Bill Frist

Triple Stumper
    $200 9
rugby

Vic
    $200 26
a reign

James
    $200 16
alligator

James
    $200 17
Little Red Riding Hood

James
    $200 1
absence

Vic
    $400 5
New York

Vic
    $400 10
Scrabble

Vic
    $400 27
(James: What is Brazil?)

Chile

James
Triple Stumper
    $400 19
a goat

Vic
    $400 23
a fruitcake

Vic
    $400 2
aerobic

Cindy
    $600 6
(George) Allen

James
    $600 11
(James: What are penguins?)
(Alex: Need-- no.)

March of the Penguins

VicJames
    $600 28
Sonny

Vic
    $600 20
a python

Vic
    $600 18
a slab

Cindy
    $600 3
albacore

James
    $800 7
DeLay

James
    $800 12
Bowling for Columbine

Vic
    $2,500 29
a frieze

Vic
    $800 21
horses

Vic
    $800 24
Alice (in Wonderland)

Vic
    $800 14
abundance

Vic
    $1000 8
Illinois

James
    $1000 13
Brothels

Vic
    $1000 30
a humidor

James
    $1000 22
armadillos

James
    $1000 25
(James: What is an éclair?)

a cruller

CindyJames
    $1000 15
abduction

Cindy

Scores at the first commercial break (after clue 15):

Vic Cindy James
$4,400 $1,400 $2,400

Scores at the end of the Jeopardy! Round:

Vic Cindy James
$10,500 $3,000 $3,600

Double Jeopardy! Round responses

LANDLOCKED COUNTRIES
TONY AWARD WINNERS
"F"INE ART
SIGNS & SYMBOLS
BESTSELLERS
CHANGE ONE LETTER
(Alex: Each correct response will consist of 2 words that are exactly the same except one letter is different.)
    $400 9
Afghanistan

James
    $400 14
Jersey Boys

Cindy
    $400 20
a falcon

James
    $400 6
(James: What are policemen?)

a mean dog (or junkyard dog)

James
Triple Stumper
    $400 1
(James: What is Roots?)
...
(Alex: Arthur Haley was [*].)

Airport

James
Triple Stumper
    $400 15
(Vic: [shakes head and says nothing])
(Alex: Oh, you rang in too quickly.)
...
(Alex: What is [*], words exactly the same except one letter changed. Now you understand it better.)

a sock sack

Vic
Triple Stumper
    $3,000 10
Laos

James
    $800 27
Neil Simon

James
    $800 21
frescoes

James
    $800 7
a plus sign

Cindy
    $800 2
Tom Clancy

Vic
    $800 16
a salt sale

Vic
    $1200 11
Andorra

James
    $1200 28
(Hugh) Jackman

James
    $1200 22
(James: What is festoon?)

foreshorten

CindyJames
    $1200 8
Venus

James
    $1200 3
The Devil Wears Prada

Cindy
    $1200 17
a last list

Cindy
    $1600 12
(Vic: What are Tibet & [*]?)

Bhutan & Nepal

Vic
Triple Stumper
    $1600 29
Kiss Me, Kate

Cindy
    $1600 23
Fauvism

Vic
    $1600 25
a son

Triple Stumper
    $1600 4
(John) Grisham

Vic
    $1600 18
a kind king

Cindy
    $2000 13
Liechtenstein

James
    $2000 30
Cynthia Nixon

Cindy
    $2000 24
Lucian Freud

Triple Stumper
    $1,700 26
(Vic: [Says nothing])

a Maltese cross

Vic
    $2000 5
Primary Colors

Vic
    $2000 19
a fast fest

Triple Stumper

Scores at the end of the Double Jeopardy! Round:

Vic Cindy James
$13,600 $13,000 $12,600

[wagering suggestions for these scores]

Final Jeopardy! Round responses

SPORTS LEGENDS
(Alex: We would hope that the NBA part of the clue would lead you to basketball, and that's where your main focus should have been.)
JamesWho is Magic Johnson
$12,599
CindyWho is Magic Johnson? Go Green!
$8,500
VicWho is M. Jordan?
$12,401
Magic Johnson

Final scores:

Vic Cindy James
$1,199 $21,500 $25,199
3rd place: $1,000 2nd place: $2,000 New champion: $25,199

Game dynamics:

Coryat scores:

Vic Cindy James
$13,600 $13,000 $10,400
20 R
(including 1 DD),
3 W
(including 1 DD)
12 R,
0 W
18 R
(including 1 DD),
6 W

Combined Coryat: $37,000

[game clues] [game scores] [suggest correction]

Game tape date: 2007-02-20
The J! Archive is created by fans, for fans. Scraping, republication, monetization, and malicious use prohibited; this site may use cookies and collect identifying information. See terms. The Jeopardy! game show and all elements thereof, including but not limited to copyright and trademark thereto, are the property of Jeopardy Productions, Inc. and are protected under law. This website is not affiliated with, sponsored by, or operated by Jeopardy Productions, Inc. Join the discussion at JBoard.tv.